000
00315nam a2200145Ia 4500
100
_a
Motorola/Inc
942
_c
BK
654
_a
Electronics
245
_a
LCX Data Low-Village CMOS Logic
260
_b
none
_a
Tokyo/Japan
_c
1995
082
_a
621.395
_b
MOT
300
_a
207
546
_a
ENGLISH
999
_c
20559
_d
20559